<Die> Slowakei und die Eurokrise

Salvato in:
Dettagli Bibliografici
Autore principale: Bačišin, Vladimír
Ente Autore: Friedrich-Ebert-Stiftung
Altri autori: Dováľová, Gabriela, 1982-, Kálovec, Marek
Natura: Libro
Lingua:tedesco
Pubblicazione: Berlin 2011
Soggetti:
Tags: Aggiungi Tag
Nessun Tag, puoi essere il primo ad aggiungerne!!

MARC

LEADER 00000nam$a2200000$$$4500
001 0146217
005 20240502083337.1
020 |a 978-3-86498-023-7 
041 0 |a ger 
044 |a DE 
245 1 0 |a <Die> Slowakei und die Eurokrise  |c Vladimír Bačišin, Gabriela Dováľová, Marek Kálovec 
264 1 |a Berlin  |c 2011 
300 |a 4 s. 
610 2 0 |a kríza finančná 
610 2 0 |a eurozóna 
610 2 0 |a Slovensko 
100 1 |a Bačišin, Vladimír 
700 1 |a Dováľová, Gabriela, 1982- 
700 1 |a Kálovec, Marek 
710 2 |a Friedrich-Ebert-Stiftung